| 000 | 00715nam a22002055i 4500 | ||
|---|---|---|---|
| 001 | 68446 | ||
| 003 | ES-MaACL | ||
| 005 | 20240228152701.0 | ||
| 007 | t| | ||
| 008 | 960802s1867 fr ||||1| spa d | ||
| 040 |
_aCAM _bspa _cCAM |
||
| 100 | 1 |
_aGarcía Ruiz, Eugenio. _955237 |
|
| 245 | 1 | 3 |
_aLa revolución en España _b: con la historia de los movimientos de enero y junio de 1866 y el del mes de agosto último / _cpor Eugenio García Ruiz. |
| 260 |
_aParis : _b[s.n.], _c1867 ( _fImprenta de Ch. Lahure) |
||
| 300 |
_aIV, 159 p. ; _c22 cm. |
||
| 651 | 4 |
_aEspaña- _xHistoria- _z1843-1868, Isabel II _98256 |
|
| 852 |
_aES-MaACL _j1491-F-6 |
||
| 852 |
_aES-MaACL _jB-7240 |
||
| 999 |
_c68446 _d68446 |
||